|
|
|
|
| LEADER |
03111nam a2200649 4500 |
| 001 |
ocn905419502 |
| 003 |
OCoLC |
| 005 |
20170124070334.5 |
| 006 |
m o d |
| 007 |
cr ||||||||||| |
| 008 |
150319r20152015enk ob 001 0 eng |
| 010 |
|
|
|a 2015010166
|
| 040 |
|
|
|a DLC
|b eng
|e rda
|c DLC
|d YDX
|d DG1
|d IDEBK
|d YDXCP
|d E7B
|d OCLCF
|d COO
|d EBLCP
|d TEFOD
|d DEBBG
|d N$T
|d GrThAP
|
| 019 |
|
|
|a 912318570
|a 959272687
|
| 020 |
|
|
|a 9781119061090
|q (electronic bk.)
|
| 020 |
|
|
|a 1119061091
|q (electronic bk.)
|
| 020 |
|
|
|a 9781119061106
|q (electronic bk.)
|
| 020 |
|
|
|a 1119061105
|q (electronic bk.)
|
| 020 |
|
|
|z 9781119061083 (paperback)
|
| 020 |
|
|
|z 9781119061113
|
| 020 |
|
|
|z 1119061113
|
| 020 |
|
|
|z 1119061083
|
| 029 |
1 |
|
|a NZ1
|b 16078930
|
| 029 |
1 |
|
|a AU@
|b 000054463346
|
| 029 |
1 |
|
|a DEBBG
|b BV043397618
|
| 035 |
|
|
|a (OCoLC)905419502
|z (OCoLC)912318570
|z (OCoLC)959272687
|
| 037 |
|
|
|a 6F8B87EF-D1B8-45DC-98F4-B96D85AD5953
|b OverDrive, Inc.
|n http://www.overdrive.com
|
| 042 |
|
|
|a pcc
|
| 050 |
0 |
0 |
|a B828.45
|
| 072 |
|
7 |
|a PHI
|x 004000
|2 bisacsh
|
| 082 |
0 |
0 |
|a 121/.34
|2 23
|
| 084 |
|
|
|a PHI009000
|2 bisacsh
|
| 049 |
|
|
|a MAIN
|
| 245 |
0 |
4 |
|a The structure of perceptual experience /
|c edited by James Stazicker.
|
| 264 |
|
1 |
|a Chichester, West Sussex ;
|a Malden, MA :
|b John Wiley & Sons Inc.,
|c 2015.
|
| 300 |
|
|
|a 1 online resource.
|
| 336 |
|
|
|a text
|b txt
|2 rdacontent
|
| 337 |
|
|
|a computer
|b n
|2 rdamedia
|
| 338 |
|
|
|a online resource
|b nc
|2 rdacarrier
|
| 490 |
1 |
|
|a Ratio book series
|
| 520 |
|
|
|a "The Structure of Perceptual Experience articulate these various structural features, exploring their consequences for the nature of perceptual experience and the form of cognitive contact with the world it provides"--
|c Provided by publisher.
|
| 504 |
|
|
|a Includes bibliographical references and index.
|
| 500 |
|
|
|a Machine generated contents note: Notes on Contributors Introduction James Stazicker 1 Is the Sense-Data Theory a Representationalist Theory? Fiona Macpherson 2 Naive Realist Perspectives on Seeing Blurrily Craig French 3 Perceptual Guidance Sebastian Watzl 4 The Perception of Activity Thomas Crowther 5 Auditory Appearances Matthew Nudds 6 Space, Time and Molyneux's Question Louise Richardson Index.
|
| 588 |
|
|
|a Description based on print version record and CIP data provided by publisher.
|
| 650 |
|
0 |
|a Perception (Philosophy)
|
| 650 |
|
0 |
|a Representation (Philosophy)
|
| 650 |
|
7 |
|a PHILOSOPHY / History & Surveys / General.
|2 bisacsh
|
| 650 |
|
7 |
|a Perception (Philosophy)
|2 fast
|0 (OCoLC)fst01057637
|
| 650 |
|
7 |
|a Representation (Philosophy)
|2 fast
|0 (OCoLC)fst01094927
|
| 650 |
|
7 |
|a PHILOSOPHY / Epistemology
|2 bisacsh
|
| 655 |
|
4 |
|a Electronic books.
|
| 700 |
1 |
|
|a Stazicker, James,
|e editor.
|
| 776 |
0 |
8 |
|i Print version:
|t Ratio.
|n volume 27, issue 4.
|
| 776 |
0 |
8 |
|i Print version:
|t Structure of perceptual experience
|d Chichester, West Sussex ; Malden, MA : John Wiley & Sons Inc., 2015
|z 9781119061083
|w (DLC) 2015004066
|
| 830 |
|
0 |
|a Ratio book series.
|
| 856 |
4 |
0 |
|u https://doi.org/10.1002/9781119061113
|z Full Text via HEAL-Link
|
| 994 |
|
|
|a 92
|b DG1
|